|
|
|
|
| LEADER |
01472nam a2200301 4500 |
| 001 |
41834 |
| 003 |
BD-DhAAL |
| 005 |
20250825173428.0 |
| 008 |
231107t2016 ii ||||| |||| 00| 0 eng d |
| 020 |
|
|
|a 9789351438083
|
| 040 |
|
|
|a BD-DhAAL
|d BD-DhAAL
|
| 082 |
|
|
|2 23
|a 343.5409944
|
| 100 |
|
|
|a Duggal, Pavan.
|9 19594
|
| 245 |
|
|
|a Textbook on cyber law /
|c Pavan Duggal.
|
| 250 |
|
|
|a Second edition.
|
| 260 |
|
|
|a New Delhi :
|b Universal Law Publishing,
|c 2016.
|
| 300 |
|
|
|a xv, 154 pages :
|c 24 cm.
|
| 541 |
|
|
|a Complimentary copy from Publisher
|e 41834, 41835, 41836
|
| 650 |
|
|
|a Computer networks
|x Law and legislation
|z India.
|9 19703
|
| 650 |
|
|
|a Computer crimes
|x Law and legislation
|z India.
|9 55772
|
| 650 |
|
|
|a Law.
|
| 650 |
|
|
|a Electronic commerce
|x Law and legislation
|z India.
|
| 852 |
|
|
|a Ayesha Abed Library
|c General Stacks
|
| 942 |
|
|
|2 ddc
|c BK
|
| 999 |
|
|
|c 46241
|d 46241
|
| 952 |
|
|
|0 0
|1 0
|2 ddc
|4 0
|6 343_540994400000000_DUG
|7 0
|9 74816
|a BRACUL
|b BRACUL
|c GEN
|d 2023-11-07
|e Complimentary copy from Publisher
|l 2
|m 18
|o 343.5409944 DUG
|p 3010041834
|r 2025-09-15
|s 2025-09-11
|t 1
|w 2023-11-07
|y BK
|
| 952 |
|
|
|0 0
|1 0
|2 ddc
|4 0
|6 343_540994400000000_DUG
|7 0
|9 74817
|a BRACUL
|b BRACUL
|c GEN
|d 2023-11-07
|e Complimentary copy from Publisher
|l 0
|o 343.5409944 DUG
|p 3010041835
|r 2023-11-07
|t 2
|w 2023-11-07
|y BK
|
| 952 |
|
|
|0 0
|1 0
|2 ddc
|4 0
|6 343_540994400000000_DUG
|7 0
|9 74818
|a BRACUL
|b BRACUL
|c GEN
|d 2023-11-07
|e Complimentary copy from Publisher
|l 0
|o 343.5409944 DUG
|p 3010041836
|r 2023-11-07
|t 3
|w 2023-11-07
|y BK
|